01178 a2200229 4500003000500000005001700005010001600022020001500038040000900053082001400062100002600076245004700102260006400149300001900213490003800232505033000270650006000600942002300660999001900683952012300702952012300825NUST20230118153607.0 a 72077983 a0882240048 cNust00a718.4,RIC1 aRice, Frank M.93885010aEnglish and its teaching /cFrank M. Rice. aLincoln, Neb.,bProfessional Educators Publicationsc[1972] a98 p.;c23 cm.0 aThe Professional education series aOn Becoming a Teacher of English (Page-7), The Revolt Against Traditional English Programming (Page-14), New Developments in Literature Curricula and Their Teaching (Page-23), New Developments in Composition Curricula and Their Teaching (Page-54), A Miscellany Concerning The Teaching of English and The Curriculum (Page-72). 0aEnglish languagexStudy and teaching (Secondary)938851 2ddccBKk418.4,RIC c185326d185326 00102ddc4070aMCSbMCScGENd2016-12-12o418.4,RICpMCS20597r2016-12-08w2016-12-12yBKzAlmirah No.54, Shelf No.5 00102ddc4070aMCSbMCScGENd2016-12-12o418.4,RICpMCS20808r2016-12-08w2016-12-12yBKzAlmirah No.54, Shelf No.5